The Legend Of Zelda: The Wind Waker Islands - Statistics

General Stats
  • This quiz has been taken 19 times
  • The average score is 23 of 49
Answer Stats
Island % Correct
Dragon Roost Island
80%
Outset Island
73%
Windfall Island
73%
Forsaken Fortress
67%
Bomb Island
60%
Cyclops Reef
60%
Eastern Fairy Island
60%
Five-Eye Reef
60%
Four-Eye Reef
60%
Northern Fairy Island
60%
Six-Eye Reef
60%
Southern Fairy Island
60%
Three-Eye Reef
60%
Tingle Island
60%
Tower Of The Gods
60%
Two-Eye Reef
60%
Western Fairy Island
60%
Forest Haven
53%
Greatfish Isle
53%
Headstone Island
53%
Private Oasis
53%
Shark Island
53%
Star Island
53%
Thorned Fairy Island
53%
Eastern Triangle Island
47%
Fire Mountain
47%
Northern Triangle Island
47%
Southern Triangle Island
47%
Spectacle Island
47%
Crescent Moon Island
40%
Diamond Steppe Island
40%
Five-Star Isles
40%
Flight Control Platform
40%
Gale Isle
40%
Horseshoe Island
40%
Ice Ring Isle
40%
Islet Of Steel
40%
Mother And Child Isles
40%
Needle Rock Isle
40%
Pawprint Isle
40%
Seven-Star Isles
33%
Angular Isles
27%
Boating Course
27%
Overlook Island
27%
Rock Spire Isle
27%
Stone Watcher Island
27%
Bird's Peak Rock
20%
Cliff Plateau Isles
20%
Star Belt Archipelago
20%
No matching quizzes found
Score Distribution
Percent of People with Each Score
Percentile by Number Answered
Your Score History
You have not taken this quiz